=LDR 00000nam 2200000 4500 =001 INLIS000000000030616 =005 20200723015142 =035 ##$$a 0010-061300000030616 =008 200723################g##########0#ind## =041 ##$$a ind =082 ##$$a 2x7.3 =090 ##$$a 2x7.3, Muh n =100 #$$a Muhaimin =245 1#$$a Nuansa baru pendidikan Islam : $b Mengurai benang kusut dunia pendidikan /$c Prof.Dr.H.Muhaimin,M.A =260 ##$$a Jakarta :$b RajaGrafindo Persada,$c 2006 =300 ##$$a xvi, 200 hlm, ; $c 13 x 21 cm =650 #4$$a Pendidikan Islam =850 ##$$a NBPNMAT =020 ##$$a 979-769-085-7 =084 ##$$a 2x7.3 MUH n =250 ##$$a Ed.1 =990 ##$$a 20900731 =990 ##$$a 20900730 =990 ##$$a 23482348 =990 ##$$a 20900729 =990 ##$$a 20900731 =990 ##$$a 20900730